| 000 | 00616nam a2200229Ia 4500 | ||
|---|---|---|---|
| 003 | OSt | ||
| 005 | 20220918214139.0 | ||
| 006 | a|||||r|||| 00| 0 | ||
| 007 | ta | ||
| 008 | 220917b |||||||| |||| 00| 0 eng d | ||
| 024 | _a136,028 | ||
| 037 | _cTextual | ||
| 040 |
_aARTS _cARTS _beng |
||
| 041 |
_2eng _aeng |
||
| 082 | _aX755.53, 122K1 | ||
| 100 |
_aDurand Reville Lue _9129996 |
||
| 245 | 0 |
_aL'assistance de la france _b Aux pays insuffisamment developpes |
|
| 260 | _c1961 | ||
| 650 | _aECONOMICS | ||
| 942 |
_hX755.53, 122K1 _cTEXL _2CC |
||
| 999 |
_c259118 _d259118 |
||